Expressions : Meaningful English Communication

Gespeichert in:
Bibliographische Detailangaben
1. Verfasser: Nunan, David
Format: Buch
Sprache:Undetermined
Veröffentlicht: Australia Heinle 2003
Schlagworte:
Tags: Tag hinzufügen
Keine Tags, Fügen Sie den ersten Tag hinzu!
Thư viện lưu trữ: Trung tâm Học liệu Trường Đại học Cần Thơ
LEADER 00563nam a2200217Ia 4500
001 CTU_95562
008 210402s9999 xx 000 0 und d
020 |c 233000 
082 |a 428.24 
082 |b N972/B.2 
100 |a Nunan, David 
245 0 |a Expressions : 
245 0 |b Meaningful English Communication 
245 0 |c David Nunan, Ken Beatty 
260 |a Australia 
260 |b Heinle 
260 |c 2003 
650 |a English language 
650 |x Teaching 
904 |i Vương,Hải 
980 |a Trung tâm Học liệu Trường Đại học Cần Thơ